000 00715nam a2200289Ia 4500
005 20260324141630.0
008 008 260324s9999 xx 000 0 eng d
020 _a9780203777428
037 _aEBOOK
040 _aCRL
040 _beng
040 _cCRL
041 _2eng
041 _aeng
084 _qCRL
100 _aCheryl Bell-Gadsby; Anne Siegenberg
_91208914
245 0 _aReclaiming Herstory
245 0 _bEricksonian Solution-Focused Therapy For Sexual Abuse
260 _bTaylor and Francis
260 _c1996
365 _a
365 _b80.99
856 _uhttp://www.taylorfrancis.com/books/9780203777428
942 _cEBOOK
999 _c1812227
_d1812227